00641nam a2200193Ia 4500952013100000999001700131003000400148005001700152008004100169020001800210040000900228082002200237100003300259245005100292260003200343300000900375650001300384942005000397 00102ddc40708SSaMESbMEScMALd2019-02-20g50.00l0o894.812301 KUN/Np31728r2019-02-20 00:00:00w2019-02-20yBKzGR30R2 c29057d29057OSt20201231110953.0190216s9999||||xx |||||||||||||| ||und|| a9788126415038 coclc a894.812301bKUN/N a Kunhabdulla, Punathil96411 0aNeelaniramulla Thottam /cPunathil Kunhabdulla bDc Books,aKottayam:c2007. a107p aKathakal cBK2ddch894.812301iKUN/Nk894.812301mKUN/N